Beetlejuice (Record no. 33601)
[ view plain ]
| 000 -LEADER | |
|---|---|
| fixed length control field | 01491cgm a2200385 a 4500 |
| 003 - CONTROL NUMBER IDENTIFIER | |
| control field | OCoLC |
| 005 - DATE AND TIME OF LATEST TRANSACTION | |
| control field | 20241220114249.0 |
| 007 - PHYSICAL DESCRIPTION FIXED FIELD--GENERAL INFORMATION | |
| fixed length control field | vd cgaizq |
| 008 - FIXED-LENGTH DATA ELEMENTS--GENERAL INFORMATION | |
| fixed length control field | 971210s1988 cau092 vleng d |
| 001 - CONTROL NUMBER | |
| control field | 38062114 |
| 020 ## - INTERNATIONAL STANDARD BOOK NUMBER | |
| International Standard Book Number | 0790731479 |
| 028 40 - PUBLISHER NUMBER | |
| Publisher number | 11785 |
| Source | Warner Home Video |
| 035 ## - SYSTEM CONTROL NUMBER | |
| System control number | (Sirsi) i9780790731476 |
| 040 ## - CATALOGING SOURCE | |
| Original cataloging agency | MCP |
| Transcribing agency | MCP |
| Modifying agency | GZD |
| 049 ## - LOCAL HOLDINGS (OCLC) | |
| Holding library | GZDA |
| Local processing data | jg |
| 092 ## - LOCALLY ASSIGNED DEWEY CALL NUMBER (OCLC) | |
| Classification number | 791.437 |
| 245 00 - TITLE STATEMENT | |
| Title | Beetlejuice |
| Medium | [videorecording] / |
| Statement of responsibility, etc | The Geffen Film Co. |
| 260 ## - PUBLICATION, DISTRIBUTION, ETC. (IMPRINT) | |
| Place of publication, distribution, etc | Burbank, Calif. : |
| Name of publisher, distributor, etc | Warner Home Video, |
| Date of publication, distribution, etc | c1988. |
| 300 ## - PHYSICAL DESCRIPTION | |
| Extent | 1 videodisc (92 min.) : |
| Other physical details | sd., col., stereo. ; |
| Dimensions | 4 3/4 in. |
| 508 ## - CREATION/PRODUCTION CREDITS NOTE | |
| Creation/production credits note | Director, Tim Burton ; producers, Michael Bender, Larry Wilson, Richard Hashimoto ; screenplay, Michael McDowell, Warren Skaaren ; director of photography, Thomas Ackerman ; music, Danny Elfman. |
| 511 1# - PARTICIPANT OR PERFORMER NOTE | |
| Participant or performer note | Michael Keaton, Alec Baldwin, Geena Davis, Jeffrey Jones, Catherine O'Hara, Winona Ryder. |
| 520 ## - SUMMARY, ETC. | |
| Summary, etc | A couple of likable ghosts contact the afterlife's bio-exorcist to rid their home of a trendy New York family that moves in. |
| 521 8# - TARGET AUDIENCE NOTE | |
| Target audience note | Rated PG. |
| 546 ## - LANGUAGE NOTE | |
| Language note | Closed captioned. |
| 655 #0 - INDEX TERM--GENRE/FORM | |
| Genre/form data or focus term | Comedy films. |
| 9 (RLIN) | 6153343 |
| 650 #0 - SUBJECT ADDED ENTRY--TOPICAL TERM | |
| Topical term or geographic name as entry element | DVDs for the hearing impaired. |
| 9 (RLIN) | 5714822 |
| 655 #0 - INDEX TERM--GENRE/FORM | |
| Genre/form data or focus term | Feature films. |
| 9 (RLIN) | 6153344 |
| 700 1# - ADDED ENTRY--PERSONAL NAME | |
| Personal name | Burton, Tim, |
| Dates associated with a name | 1958- |
| 9 (RLIN) | 36509 |
| 700 1# - ADDED ENTRY--PERSONAL NAME | |
| Personal name | Keaton, Michael, |
| Dates associated with a name | 1951- |
| 9 (RLIN) | 24084 |
| 700 1# - ADDED ENTRY--PERSONAL NAME | |
| Personal name | Baldwin, Alec, |
| Dates associated with a name | 1958- |
| 9 (RLIN) | 36503 |
| 710 2# - ADDED ENTRY--CORPORATE NAME | |
| Corporate name or jurisdiction name as entry element | Geffen Film Company. |
| 9 (RLIN) | 62547 |
| 942 ## - ADDED ENTRY ELEMENTS (KOHA) | |
| Koha item type | DVD |
| 979 ## - | |
| -- | 443320 |
| 998 ## - LOCAL CONTROL INFORMATION (RLIN) | |
| -- | a72674 |
| Withdrawn status | Lost status | Source of classification or shelving scheme | Damaged status | Not for loan | Collection code | Home library | Current library | Shelving location | Date acquired | Source of acquisition | Total Checkouts | Total Renewals | Full call number | Barcode | Date last seen | Date checked out | Cost, replacement price | Price effective from | Koha item type |
|---|---|---|---|---|---|---|---|---|---|---|---|---|---|---|---|---|---|---|---|
| Dewey Decimal Classification | Movies | Wasatch County Library | Wasatch County Library | Audio Visual Area | 11/03/2023 | Donation | 10 | 10 | DVD Beetlejuice | 34301002054973 | 11/24/2025 | 11/15/2025 | 15.99 | 11/03/2023 | DVD |
